000 00795nam a2200265 u 4500
001 000056327
005 20200120223232.0
008 130614s2005 sp gr 000 0 spa d
020 _a8495818434
041 0 _a|spa
043 _ae-sp---
082 0 4 _a646.724
_bE22
_221
245 0 0 _aEdición profesional de peluqueria estilo = Style professional hairdressing edition : /
_ccreación : David Fernández García.
250 _a1a. ed.
260 _aMálaga (España) :
_bEdiciones Daly,
_c2005.
300 _av. :
_bfot.
500 _aTextos en español y en inglés
500 _av.1 Women
500 _av.2 Women
500 _av.3 Men & kids
650 1 4 _aPeluqueria
_xTécnicas
650 2 4 _aPeinado
_xTécnicas
650 2 4 _aBelleza personal
700 1 _aGernández García, David
999 _c5726
_d5726